00653cam a22001932 4500001001100000005001700011008004100028020001800069040001500087050002400102100003400126245009700160250001200257260003900269300001700308650006100325700003700386700003600423000000303020151217151912.0070426s xx 000 0 eng d a00201845539 : aKABUcKABU 0aHG4027.5b.E38 19951 aEiteman, David K.@000015259810aMultinational business finance /cDavid K. Eiteman, Arthur I. Stonehill, Michael H. Moffett. a7th ed. aNew York :bAddison-Wesley,c1995. axxii, 697 p. 0aInternational business enterprisesxFinance.@00001525291 aStonehill, Arthur I.@00001525991 aMoffett, Michael H.@0000152600